| 000 | 00585nam a2200193Ia 4500 | ||
|---|---|---|---|
| 003 | OSt | ||
| 005 | 20251014145611.0 | ||
| 008 | 210210b1971 xxu||||| |||| 00| 0 eng d | ||
| 040 | _cAL | ||
| 041 | _akan | ||
| 082 | _aK894.4 RAMP | ||
| 100 |
_aR AMARAV (M) _9167742 _dರಾಮರಾವ್ (ಎಂ) |
||
| 245 |
_aPadayatre mattu itara prabhandhagalu: _bಪಾದಯಾತ್ರೆ ಮತ್ತು ಇತರ ಪ್ರಬಂಧಗಳು |
||
| 260 |
_aMaisuru _bSuruchi Prakashana _c1971 |
||
| 300 | _a240 | ||
| 690 |
_aKannada Prose _9167743 |
||
| 906 | _aSG00465 | ||
| 942 |
_2ddc _cSG |
||
| 999 |
_c111734 _d111734 |
||